| 000 | 00380nam a2200157Ia 4500 | ||
|---|---|---|---|
| 008 | 240729s9999 xx 000 0 und d | ||
| 022 | _a2625-8498 | ||
| 245 | 0 | _aVertebrate Zoology | |
| 260 | _aBulgaria | ||
| 260 | _bPensoft | ||
| 650 | _a Zoology | ||
| 650 | _aScience | ||
| 856 | _uhttps://doaj.org/toc/6f154b2690734f3797f3ee932b312576 | ||
| 942 | _2ddc | ||
| 942 | _cDOAJEJ | ||
| 999 |
_c67351 _d67351 |
||
| 945 |
_a1 _bMadushi Gamage _c1 _dMadushi Gamage |
||